000 00715nam a2200193Ii 4500
003 JO-AjNU
008 230605s9999||||xx |||||||||||||| ||und||
040 _aJO-AjNU
_bara
_erda
_cJO-AjNU
041 _aara
050 1 4 _aBF455.H3.1975
100 3 _aهازليت، هنري؛ ترجمة العبد، حامد عبد العزيز,
_eauthor
_938539
245 0 0 _aالتفكيرعلم وفن
264 3 1 _aالقاهرة:مؤسسة فرانكلين للطباعة والنشر،مكتبة الانجلو المصرية،1975
300 _a272ص
336 _atext
_btxt
_2rdacontent
337 _aunmediated
_bn
_2rdamedia
338 _avolume
_bnc
_2rdacarrier
650 4 _aتفكير-قدرات عقلية
_938540
999 _aA16200
_c19768
_d19768